000 00205 a2200097 4500
001 18243
100 _aHarris, N
245 _aPicture History of world Art
260 _a
_bHamlyn
_c
090 _c13537
_d13537
942 _aNUST-CAE
_cM
_c3933
999 _c253316
_d253316